| 000 | 01114nam a2200205Ia 4500 | ||
|---|---|---|---|
| 001 | 11542 | ||
| 003 | GE_BSU | ||
| 008 | 181216s||||||||xx |||||||||||||| ||und|| | ||
| 040 | _cGE_BSU | ||
| 080 | _a635.964:632.7+635.964.632.2/4 | ||
| 100 | _aბაღათურია,ვ. | ||
| 245 | _aბალახოვან დეკორაციულ მცენარეთა მავნებელ–ავადმყოფობანი და მათ წინააღმდეგ ბრძოლა თბილისსა და მის შემოგარენში. | ||
| 245 | _cრედ:გ.ყანჩაველი. | ||
| 260 | _aთბილისი. | ||
| 260 | _bმეცნიერება. | ||
| 260 | _c1973. | ||
| 300 | _a202გვ.22სმ. | ||
| 653 | _aბალახოვან დეკორაციულ მცენარეთა მავნებელ–ავადმყოფობანი და მათ წინააღმდეგ ბრძოლა თბილისსა და მის შემოგარენში. | ||
| 942 | _cBK | ||
| 999 |
_c44737 _d44737 |
||